[Event "FIDE World Rapid Chess Championship 2022"]
[Site "Chess.com"]
[Date "2022.12.26"]
[Round "4"]
[White "Carlsen, Magnus"]
[Black "Abdusattorov, Nodirbek"]
[Result "1-0"]
[WhiteElo "2859"]
[BlackElo "2713"]
[EventDate "2022.??.??"]
[Annotator "rafael"]
[PlyCount "69"]
[Beauty "8041386741299"]
[EventType "rapid"]
[TimeControl "900+10"]

1.b3 {Carlsen played this move, usually associated with legendary Danish GM Bent Larsen, in his two White games on day one. A welcome breath of fresh air for those who enjoy more creative openings.} 1...e5 2.Bb2 Nc6 3.e3 Nf6 {Abdusattorov chooses one of the variations with the best reputation for Black.} 4.Nf3 Bd6 {This is a perfectly normal move, but it's not the most popular one.} ( 4...e4 {is the most frequently played move.} ) 5.c4 O-O 6.d3 Re8 7.a3 a5 8.Be2 Bf8 9.O-O d5 10.cxd5 Nxd5 11.Nbd2 f6 12.Qc2 {The game ended up falling into a very typical pawn structure, which can occur in several variations and also with inverted colors (in several Sicilian lines, for example, Black is in a position similar to the one that White has here). This structure is known as the \"Hedgehog\" and there is a legendary game always associated with the plan that Carlsen will try later on. This game was played by Fischer in 1970 and shows how the American genius was many years ahead of his time: he was the first to employ the plan that is traditional today.} 12...Bf5 ( 12...Be6 {This was the move chosen in the aforementioned game.} 13.Kh1 $5 {[%c_effect h1;square;h1;type;Interesting;persistent;true] Here begins the revolutionary plan.} 13...Qd7 14.Rg1 Rad8 15.Ne4 Qf7 16.g4 $1 {[%c_effect g4;square;g4;type;GreatFind;persistent;true] With this move, White holds the position of the knight on e4 and prepares an attack on the kingside.} 16...g6 $6 {[%c_effect g6;square;g6;type;Inaccuracy;persistent;true]} 17.Rg3 Bg7 18.Rag1 {And White has strong pressure. I leave the complete game to the readers; after all, this is one of the great works in chess history.} 18...Nb6 19.Nc5 Bc8 20.Nh4 Nd7 21.Ne4 Nf8 22.Nf5 $1 {[%c_effect f5;square;f5;type;GreatFind;persistent;true]} 22...Be6 23.Nc5 Ne7 24.Nxg7 Kxg7 25.g5 $18 Nf5 26.Rf3 b6 27.gxf6+ Kh8 28.Nxe6 Rxe6 29.d4 exd4 30.Bc4 d3 31.Bxd3 Rxd3 32.Qxd3 Rd6 33.Qc4 Ne6 34.Be5 Rd8 35.h4 Nd6 36.Qg4 Nf8 37.h5 Ne8 38.e4 Rd2 39.Rh3 Kg8 40.hxg6 Nxg6 41.f4 Kf8 42.Qg5 Nd6 43.Bxd6+ {and Black resigned in Fischer-Andersson, Siegen 1970.} ) 13.Rfe1 Bg6 14.g4 $5 {[%c_effect g4;square;g4;type;Interesting;persistent;true] The first new move of the game and a curious version of Fischer's plan, as Carlsen doesn't even make preparations with Kh1-Rg1. The move causes even more impact in this modern version. The idea is to gain space on the kingside, follow with Kh1-Rg1-Rg3-Rag1 and the entire script already shown by the legendary American.} ( 14.Rac1 {was played in Matijasevic-Mihic, Belgrade 2019.} ) 14...Qd7 ( 14...a4 $5 {[%c_effect a4;square;a4;type;Interesting;persistent;true] This is a very interesting move to change the character of the game. Instead of plans, we go for concrete moves and variations. If White captures or fails to capture on b3, then we can argue that Black has gained a positional advantage. If White plays 15.b4 then comes the traditional sacrifice on b4 and chaos on the board.} 15.b4 ( 15.bxa4 Nb6 {Regaining the pawn.} ) 15...Ndxb4 $1 {[%c_effect b4;square;b4;type;GreatFind;persistent;true]} 16.axb4 Nxb4 {With a complicated position and chances for both sides, for example:} 17.Qc4+ ( 17.Qc3 Bxd3 ) 17...Bf7 18.Qc3 Nd5 19.Qc1 b5 {and the pawns march dangerously.} ) 15.Kh1 Rad8 ( 15...Qxg4 $2 {[%c_effect g4;square;g4;type;Mistake;persistent;true] Of course the pawn cannot be captured.} 16.Nxe5 ) 16.Ne4 Kh8 17.Rad1 {A prophylactic move to avoid a possible knight sacrifice on b4.} ( 17.Rg1 Ndb4 $5 {[%c_effect b4;square;b4;type;Interesting;persistent;true]} 18.axb4 Nxb4 19.Qc3 Nxd3 {with good compensation for the piece, for instance:} 20.Bxd3 Qxd3 21.Qxd3 Rxd3 22.Nc3 Bb4 23.Rgc1 c6 ) 17...Bf7 18.Rg1 Nb6 {Setting up queenside activity with the next move.} 19.Rg3 {Carlsen follows Fischer's plan.} 19...a4 $1 {[%c_effect a4;square;a4;type;GreatFind;persistent;true] Black starts the counterplay on the queenside. The tension grows.} 20.bxa4 Na5 21.Rdg1 $6 {[%c_effect g1;square;g1;type;Inaccuracy;persistent;true]} ( 21.g5 $5 {[%c_effect g5;square;g5;type;Interesting;persistent;true] The computer shows that this brave move has its interest.} 21...Bb3 22.Qc1 Bxd1 23.Bxd1 f5 24.Nf6 $1 {[%c_effect f6;square;f6;type;GreatFind;persistent;true] An important theme that we will see in the continuation of the game as well.} 24...gxf6 25.gxf6 {White is a rook down, but the position is unclear, as the black king is insecure, especially because of the a1-h8 diagonal and the g-file. For example:} 25...Nc6 26.Bb3 {White's attack looks violent, but the computer indicates equality with its traditional accuracy.} ) ( 21.Qb1 {is a more solid and well-behaved move.} 21...Nxa4 22.g5 $1 {[%c_effect g5;square;g5;type;GreatFind;persistent;true]} 22...f5 23.g6 $1 {[%c_effect g6;square;g6;type;GreatFind;persistent;true]} ( 23.Nxe5 Rxe5 24.Bxe5 Qe8 $1 {[%c_effect e8;square;e8;type;GreatFind;persistent;true]} 25.Bxc7 Ra8 {with chances for both sides.} ) 23...Bxg6 24.Neg5 Nxb2 25.Qxb2 {White plans 26.Nh4, with a threatening attack.} ) 21...Bd5 $2 {[%c_effect d5;square;d5;type;Mistake;persistent;true]} ( 21...Nxa4 {is better. Probably Abdusattorov was afraid of the following variation:} 22.g5 f5 23.Nxe5 {but Black's position is OK after} 23...Rxe5 24.Bxe5 fxe4 25.dxe4 Nc5 ) 22.g5 $1 {[%c_effect g5;square;g5;type;GreatFind;persistent;true]} 22...f5 23.Nc3 $2 {[%c_effect c3;square;c3;type;Mistake;persistent;true]} ( 23.Nf6 $3 {[%c_effect f6;square;f6;type;Brilliant;persistent;true] This fantastic move crowns White's strategy.} 23...gxf6 24.gxf6 {It looks somewhat surprising, but the attack is very strong.} 24...Qc6 ( 24...f4 {doesn't help:} 25.R3g2 Nc6 26.a5 $5 {[%c_effect a5;square;a5;type;Interesting;persistent;true]} 26...Nc8 27.d4 {And the attack continues. A pretty variation is:} 27...e4 28.Ne5 Nxe5 29.dxe5 f3 30.e6 $1 {[%c_effect e6;square;e6;type;GreatFind;persistent;true]} 30...fxg2+ 31.Rxg2 Qxe6 32.f7+ Qe5 33.Rg8# {Nice $1} ) 25.Qb1 $1 {[%c_effect b1;square;b1;type;GreatFind;persistent;true]} 25...Qxf6 26.e4 Bf7 27.Rg5 {Black is unable to hold the position.} ) 23...Bc6 ( 23...Bb3 {is also possible, but White still has pressure.} 24.Qb1 ) 24.e4 ( 24.g6 {It was possible to start with this move, which Carlsen will play later.} 24...h6 25.e4 ) 24...Nxa4 25.Nxa4 Bxa4 26.Qc3 Nc6 27.g6 $1 {[%c_effect g6;square;g6;type;GreatFind;persistent;true]} 27...Nd4 ( 27...h6 28.Ng5 $1 {[%c_effect g5;square;g5;type;GreatFind;persistent;true] This is the point $1} 28...hxg5 ( 28...Re7 {is more stubborn.} ) 29.Rh3+ {Other moves also win.} 29...Kg8 30.d4 {And White threatens both 31.Rh8+ and 31.Bc4+.} ( 30.Rxg5 {is also good.} ) 30...g4 31.Bc4+ Re6 32.Rxg4 $1 {[%c_effect g4;square;g4;type;GreatFind;persistent;true]} ( 32.exf5 $6 {[%c_effect f5;square;f5;type;Inaccuracy;persistent;true]} 32...Nxd4 $1 {[%c_effect d4;square;d4;type;GreatFind;persistent;true]} ) 32...fxg4 33.Qg3 $1 {[%c_effect g3;square;g3;type;GreatFind;persistent;true]} 33...gxh3 34.Qxh3 {with a decisive attack.} ) 28.Ng5 $1 {[%c_effect g5;square;g5;type;GreatFind;persistent;true] This beautiful move leaves White with a big advantage, but the adventures continue.} 28...Nxe2 $6 {[%c_effect e2;square;e2;type;Inaccuracy;persistent;true]} ( 28...Re7 {is more resistant, although White's position is still much better.} 29.Bh5 ) 29.Nf7+ $2 {[%c_effect f7;square;f7;type;Mistake;persistent;true] A rare tactical error by the world champion.} ( 29.Qc4 $1 {[%c_effect c4;square;c4;type;GreatFind;persistent;true] wins immediately.} 29...Re7 ( 29...Nxg3+ 30.Rxg3 ) 30.gxh7 $1 {[%c_effect h7;square;h7;type;GreatFind;persistent;true]} 30...Re6 {Otherwise White mates on g8.} 31.Nxe6 Nxg3+ 32.Rxg3 {with a winning advantage.} ) 29...Qxf7 $1 {[%c_effect f7;square;f7;type;GreatFind;persistent;true] Now Black is back in the fight.} ( 29...Kg8 {is worse:} 30.Qc4 Nxg3+ 31.Rxg3 Qe6 32.gxh7+ Kxf7 ( 32...Kxh7 33.Ng5+ ) 33.Qxe6+ Kxe6 34.h8=Q {with a winning position for White.} ) 30.gxf7 Nxc3 31.fxe8=Q Bxe8 ( 31...Rxe8 32.Bxc3 Bc6 33.f3 Kg8 $1 {[%c_effect g8;square;g8;type;GreatFind;persistent;true] An important move, preparing 34...Rd8. Black has compensation for the exchange.} ) 32.Bxc3 Bg6 $2 {[%c_effect g6;square;g6;type;Mistake;persistent;true] Abdusattorov follows the plan started with the previous capture, but it contains a tactical problem.} ( 32...f4 {is better.} 33.Rh3 Bd6 ) 33.exf5 Bxf5 34.Bxe5 Bxd3 $6 {[%c_effect d3;square;d3;type;Inaccuracy;persistent;true]} ( 34...Rd7 {is necessary.} 35.Rf3 Rf7 {Although White should be able to convert the material advantage.} ) 35.Rxg7 $1 {[%c_effect g7;square;g7;type;GreatFind;persistent;true] A pretty finale for a memorable game.} ( 35.Rxg7 Bxg7 36.Rxg7 Rd5 37.Rg5+ Rxe5 38.Rxe5 {With an easily winning endgame.} ) 1-0

[Event "FIDE World Rapid Chess Championship 2022"]
[Site "Chess.com"]
[Date "2022.12.28"]
[Round "13"]
[White "Carlsen, Magnus"]
[Black "Maghsoodloo, Parham"]
[Result "1-0"]
[WhiteElo "2859"]
[BlackElo "2719"]
[EventDate "2022.??.??"]
[Annotator "rafael"]
[PlyCount "55"]
[Beauty "8248216268328"]
[EventType "rapid"]
[TimeControl "900+10"]

1.e4 c5 2.Nf3 d6 3.d4 cxd4 4.Nxd4 Nf6 5.Nc3 Nc6 {The Classical Variation of the Sicilian is very popular again and, if we think about it, it is one of the most reliable, taking into account the opening principles of chess such as prioritizing development, starting with the knights. That said, following these principles is no guarantee of not getting mated in the Sicilian, as we shall see.} 6.Bg5 {The Richter-Rauzer Variation is the best and most popular option against the Classical Sicilian.} 6...e6 7.Qd2 a6 {This system is the most played in the elite right now, surpassing 7...Be7 followed by 8...0-0, which was played a lot by Kramnik in the '90s.} ( 7...Be7 8.O-O-O O-O ) 8.O-O-O Bd7 {Here White needs to decide whether to play with 9.f4 (the most popular move) or 9.f3, following the English Attack plan. This last option seems to me to be the most dangerous for Black and is Carlsen's choice.} 9.f3 ( 9.f4 Be7 10.Nf3 b5 {Leads to a position with much theory and is currently being discussed at the top level.} ) 9...Nxd4 {This capture is played by almost everyone these days.} 10.Qxd4 Be7 11.Kb1 $1 {[%c_effect b1;square;b1;type;GreatFind;persistent;true] As I always say: you are never far wrong playing Kb1 after long castling. This move is always important sooner or later, so why not start with it $2} 11...b5 ( 11...Qc7 {is the most played move. A recent game followed:} 12.h4 b5 13.Qd2 b4 14.Ne2 a5 15.c4 $5 {[%c_effect c4;square;c4;type;Interesting;persistent;true]} 15...bxc3 ( 15...Qxc4 $2 {[%c_effect c4;square;c4;type;Mistake;persistent;true]} 16.e5 ) 16.Nxc3 Rb8 17.a4 $1 {[%c_effect a4;square;a4;type;GreatFind;persistent;true]} 17...O-O 18.Nb5 {with some pressure for White in Sethuraman-Vidit, 2022 Tata Steel India (Rapid) 2022.} ) 12.h4 Rb8 $6 {[%c_effect b8;square;b8;type;Inaccuracy;persistent;true]} ( 12...Qc7 {Transposes to the game we saw above.} ) 13.g4 b4 14.Ne2 {My impression is that White's attack on the kingside arrives much faster than Black's on the queenside.} 14...a5 15.Ng3 Qc7 {The development of the queen on c7, so natural a few moves ago, is new in this position. A correspondence game followed with 15...0-0.} ( 15...O-O 16.Be3 a4 17.g5 Ne8 18.f4 {White's attack is scary, but in a correspondence game almost everything is defensible and the game ended in a draw. Bauer-Sikorsky, email 2009.} ) 16.Be3 {A thematic move, taking the bishop out of the pawns' way.} 16...Rc8 ( 16...O-O {is probably better, although the position is not pretty after} 17.g5 Ne8 ) 17.Rh2 ( 17.Qd2 {would be the choice of many players.} 17...Bc6 18.g5 Nd7 {Now at least Black manages to place the knight in a decent square. But White is much better anyway.} ) ( 17.Ba6 $1 {[%c_effect a6;square;a6;type;GreatFind;persistent;true] The computer indicates this difficult move as the most accurate, sacrificing the c2-pawn. If Black accepts the gift, then after} 17...Qxc2+ 18.Ka1 Ra8 19.Rc1 Qg2 20.Rhg1 Qh2 21.Bb7 Rb8 22.Qa7 O-O 23.g5 {Black's position collapses.} ) ( 17.g5 $5 {[%c_effect g5;square;g5;type;Interesting;persistent;true] Even this is possible.} 17...Qxc2+ 18.Ka1 e5 19.Qd3 Qxd3 20.Bxd3 Ng8 {White has some monster compensation, but at least the queens are not on the board anymore.} ) 17...d5 {A desperate attempt to complicate the game.} ( 17...O-O 18.g5 Ne8 {is a bit sad, since the knight is misplaced.} ) 18.e5 O-O {This is the idea.} 19.Ba6 $5 {[%c_effect a6;square;a6;type;Interesting;persistent;true] An elegant move.} ( 19.exf6 $6 {[%c_effect f6;square;f6;type;Inaccuracy;persistent;true]} 19...Bxf6 20.Bf4 ( 20.Qd2 $6 {[%c_effect d2;square;d2;type;Inaccuracy;persistent;true]} 20...Qxg3 ) 20...e5 21.Nh5 $1 {[%c_effect h5;square;h5;type;GreatFind;persistent;true]} 21...exd4 22.Nxf6+ gxf6 23.Bxc7 Rxc7 24.Rxd4 {White is better, but this is a dream for Black compared to the game.} ) ( 19.g5 {is also good.} 19...Ne8 ) 19...Ra8 ( 19...Rb8 {is a better option since the rook is better placed here and the capture on f6 is still not winning.} 20.exf6 ( 20.g5 ) ( 20.Bd3 ) 20...Bxf6 21.Bf4 e5 22.Nh5 {Maybe Maghsoodloo was afraid of this move and I can understand him.} 22...exf4 23.Nxf6+ gxf6 {This looks horrible for Black, but it's not losing yet.} ) 20.Bd3 Rfc8 $6 {[%c_effect c8;square;c8;type;Inaccuracy;persistent;true] The rook was needed in the defense of the kingside. To be honest, it's hard to suggest improvements for Black—the position is just bad.} 21.Qf4 $1 {[%c_effect f4;square;f4;type;GreatFind;persistent;true]} 21...Ne8 22.g5 {All the white pieces are ready to attack. The f7-pawn is now also weakened.} 22...Bc5 23.Bxc5 Qxc5 24.h5 ( 24.Nh5 {is also very tempting, followed by the knight sacrifice on f6.} ) 24...Bb5 25.Bxh7+ $1 {[%c_effect h7;square;h7;type;GreatFind;persistent;true] The position is ready for a sacrifice.} 25...Kxh7 26.g6+ fxg6 27.Qf7 {The simplest.} ( 27.hxg6+ Kxg6 28.Ne4 $1 {[%c_effect e4;square;e4;type;GreatFind;persistent;true] is also a nice finish.} 28...dxe4 29.Rg2+ Kh7 30.Qf7 $1 {[%c_effect f7;square;f7;type;GreatFind;persistent;true] The only winning move, but not so difficult to spot.} ) 27...g5 28.h6 {Mate is unavoidable. Congratulations to Carlsen for yet another magnificent performance $1} 1-0